| 000 | 00967cam a22002531 4500 | ||
|---|---|---|---|
| 999 |
_c232559 _d232559 |
||
| 001 | 9241010 | ||
| 003 | Nust | ||
| 005 | 20170221085301.0 | ||
| 008 | 840802s1937 nyu 000 1 eng | ||
| 010 | _a 37018250 | ||
| 020 | _a9780099493631 | ||
| 035 | _a(OCoLC)11012926 | ||
| 040 |
_aDLC _cWU _dOBgU _dDLC |
||
| 050 | 0 | 0 |
_aPZ3.H514 _bThe2 _aPR6015.E795 |
| 082 |
_a823.912 _bHEY |
||
| 100 | 1 |
_aHeyer, Georgette, _d1902-1974. |
|
| 245 | 1 | 0 | _aThey found him dead; |
| 260 |
_aGarden City, N.Y., _bPub. for the Crime Club, inc., by Doubleday, Doran & Company, inc., _c1937. |
||
| 300 |
_a310 p. _c21 cm. |
||
| 500 | _a"First edition." | ||
| 650 | 0 |
_aHannasyde, Inspector (Fictitious character) _xFiction. |
|
| 650 | 0 |
_aPolice _zEngland _xFiction. |
|
| 655 | 7 |
_aDetective and mystery stories. _2gsafd |
|
| 906 |
_a7 _bcbc _coclcrpl _du _encip _f19 _gy-gencatlg |
||
| 942 |
_2ddc _cBK |
||